| 000 | 00792nam a2200229 i 4500 | ||
|---|---|---|---|
| 001 | 62567 | ||
| 003 | ES-MaACL | ||
| 005 | 20230906164707.0 | ||
| 007 | t| | ||
| 008 | 031124s1981 sp ||||1| spa d | ||
| 100 | 1 |
_aFernández-Galiano, Manuel ( _d1918-1988) _9150962 |
|
| 245 | 1 | 0 |
_aManual práctico de morfología verbal griega / _cManual Fernández-Galiano ; con la colaboración de J. Zaragoza, C. Falcón. |
| 250 | _a2ª ed. | ||
| 260 |
_aMadrid : _bGredos, _c[1981] |
||
| 300 |
_a402 p. ; _c19 cm. |
||
| 490 | 1 |
_aBiblioteca universitaria Gredos. I. Manuales ; _v10 |
|
| 700 | 1 |
_aZaragoza, J. _9118031 |
|
| 700 | 1 |
_aFalcón, C. _948703 |
|
| 830 | 0 |
_aBiblioteca universitaria Gredos. I. Manuales ; _v10 _9182844 |
|
| 852 |
_aES-MaACL _jL-1727 _bR.102433 |
||
| 999 |
_c62567 _d62567 |
||